000 00175nam a2200073Ia 4500
008 170817s9999 xx 000 0 und d
100 _aGUPTA
245 0 _aSARDAR BALLABH BHAI PATAL
260 _bRADHA PUB. N.D.
999 _c36194
_d36194